Normal view
MARC view
Entry Geographic Name
001 - CONTROL NUMBER
- control field: 21516
003 - CONTROL NUMBER IDENTIFIER
- control field: ARRUPE
005 - DATE AND TIME OF LATEST TRANSACTION
- control field: 20160118152810.0
008 - FIXED-LENGTH DATA ELEMENTS
- fixed length control field: 160118|| aca||aabn | a|a d
040 ## - CATALOGING SOURCE
- Original cataloging agency: ARRUPE
- Transcribing agency: ARRUPE
151 ## - HEADING--GEOGRAPHIC NAME
- Geographic name: Zambia
- Geographic subdivision: Politics
670 ## - SOURCE DATA FOUND
- Source citation: Work cat.: (ARRUPE)0: Majula, Roger R. 21514, The impact of corruption on public administration /, 2014